000 00471nam a2200181Ia 4500
001 2329
005 20260306144759.0
008 260306t2015||||xx |||||||||||||| ||spa||
041 _aESP
082 _a616.8582
_bM97
100 _aMurueta Reyes, Marco Eduardo
_eAUT
245 0 _aPsicología de la violencia:
_bcausas, prevención y afrontamiento
260 _c2015
300 _a287 páginas :
_c23 cm.
650 _aGEN
654 _aCPS
942 _cLIB
_dJUS
_fJUS
_2ddc
_n
999 _c2329
_d2329